Pharmacology, Paper-I [e resource : question paper] : Second MBBS degree exam, Oct 2008 (505-A) (Record no. 209531)
[ view plain ]
| 000 -LEADER | |
|---|---|
| fixed length control field | 00425nam a2200121Ia 4500 |
| 008 - FIXED-LENGTH DATA ELEMENTS--GENERAL INFORMATION | |
| fixed length control field | 231221s9999 xx 000 0 und d |
| 041 ## - LANGUAGE CODE | |
| Language code of text/sound track or separate title | English |
| 082 ## - DEWEY DECIMAL CLASSIFICATION NUMBER | |
| Classification number | QPMBBSUG08-2427 |
| 245 #0 - TITLE STATEMENT | |
| Title | Pharmacology, Paper-I [e resource : question paper] : Second MBBS degree exam, Oct 2008 (505-A) |
| 260 ## - PUBLICATION, DISTRIBUTION, ETC. | |
| Date of publication, distribution, etc. | 2008/10 |
| Name of publisher, distributor, etc. | NTRU |
| Place of publication, distribution, etc. | Andra Pradesh |
| 650 ## - SUBJECT ADDED ENTRY--TOPICAL TERM | |
| Topical term or geographic name entry element | Pharmacology,,Paper-I,[e,paper],MBBS,degree,exam,,Oct,2008,(505-A) |
| 942 ## - ADDED ENTRY ELEMENTS (KOHA) | |
| Koha item type | Digital Library |
| Date last seen | Total checkouts | Full call number | Accession number | Uniform resource identifier | Price effective from | Category | Lost status | Damaged status | Department | Withdrawn status | Home library | Current library | Shelving location | Entry date | Grants | Billdate | Currency symbol | Conversion rate | Discount | Old discount |
|---|---|---|---|---|---|---|---|---|---|---|---|---|---|---|---|---|---|---|---|---|
| 26/01/2024 | QPMBBSUG08-2427 | DL2427 | digital/pesimr/qp/dl2427.pdf | 26/01/2024 | Digital Library | Central Library | Central Library | Central Library | Central Library | MEDICINE | 27/12/2012 | RS | 1 |
